000 00359 a2200169 4500
001 69771
020 _a8526252429
040 _cAnchieta - Itaigara
100 _aHugo, Victor
240 1 0 _aOs miseráveis
_lpor
245 1 0 _aOs miseráveis
300 _a48
362 0 _a2004
440 1 _aScipione
650 4 _aLiteratura infanto-juvenil
942 _cBK
999 _c69771
_d69771